Lengua y literatura 2 : antología literaria /
Guardado en:
| Autor Principal: | |
|---|---|
| Formato: | Libro |
| Publicado: |
Buenos Aires :
Kapelusz,
2010
|
| Series: | Nuevos desafíos. Para pensar
|
| Materias: | |
| Etiquetas: |
Agregar Etiqueta
Sin Etiquetas, Sea el primero en etiquetar este registro!
|
| LEADER | 01638nam a22002415a 4500 | ||
|---|---|---|---|
| 001 | CEM.cems013756 | ||
| 005 | 20121001162755.0 | ||
| 008 | 130507s2010##################000#0#####d | ||
| 003 | CEMS | ||
| 020 | |a 9789501303421 | ||
| 082 | 0 | 4 | |a 468 |
| 100 | 1 | |a Calero, Silvia | |
| 245 | 1 | 0 | |a Lengua y literatura 2 : |b antología literaria / |c Silvia Calero y Otros |
| 260 | |a Buenos Aires : |b Kapelusz, |c 2010 | ||
| 300 | |a 95 p. | ||
| 490 | 0 | |a Nuevos desafíos. Para pensar | |
| 505 | 0 | |a Narrativa: Las manchas del ocelote (leyenda azteca) -- Odisea, Canto XI (adaptacion) / Homero -- Eneida, Libro VI (adaptacion) / Virgilio -- Boewulf (fragmento adaptado) -- Instrucciones-ejemplos sobre la forma de tener miedo / Julio Cortázar -- Doble vida / Eduardo Berti -- Los novios / Haroldo Conti -- Nos han dado la tierra / Juan Rulfo -- La honradez de Israel Gow / Gilbert Keith Chesterton -- La zona de influencia / Pablo de Santis -- Los gatos de Ulthar / Howard Phillips Lovecraft.Poesía: Martín Fierro, Canto XIII (fragmento) / José Hernández -- El limonero lánguido suspende / Antonio Machado -- Campo / Federico García Lorca -- Ágape / César Vallejo -- Pienso cómo era antes / Fu Huian -- La guerra de los huertos : Poema 5 / Marosa di Giorgio -- La hora del pastor / Paul Verlaine.Teatro: Un día especial / Griselda Gambaro | |
| 653 | |a Lengua | ||
| 653 | |a Literatura | ||
| 653 | |a Antología literaria | ||
| 859 | |a CEMS |b BIB. CEMS - 11 de abril |h 468 |i C128-2 |p 26321.12 |t Ej.1 |v II |3 II | ||
| 859 | |a CEMS |b BIB. CEMS - 11 de abril |h 468 |i C128-2 |p 26322.12 |t Ej.2 |v II |3 II | ||
| 859 | |a CEMS |b BIB. CEMS - 11 de abril |h 468 |i C128-2 |p 26323.12 |t Ej.3 |v II |3 II | ||
